MARC

LEADER 00000nam0a2200000 4500
001 224579
005 20231101230611.0
020 |a RU  |b 90-19778 
035 |a (RuTPU)RU\TPU\book\244892 
090 |a 224579 
100 |a 20121027d1989 km y0rusy5003 ca 
101 0 |a rus 
102 |a RU 
105 |a a z 001zy 
200 1 |a Морфология поверхности трещин в скальных породах  |f С. Е. Могилевская, Б. Куюнджич  |d Morfologija pukotinskih povrsi u stenskim masama  |f С. Е. Могилевская, Бронислав Куюнджич  |g Всесоюзный научно-исследовательский институт гидротехники 
210 |a Ленинград  |c Изд-во ВНИИГ  |d 1989 
215 |a 128 с.  |c ил. 
320 |a Библиогр.: с. 124-126 (67 назв.). 
510 1 |a Morfologija pukotinskih povrsi u stenskim masama  |z eng 
606 1 |a Горные породы, скальные  |x Трещиноватость  |2 stltpush  |3 (RuTPU)RU\TPU\subj\8168  |9 35644 
610 1 |a скальные породы 
610 1 |a трещиноватые горные породы 
610 1 |a морфология 
610 1 |a инженерно-геологические изыскания 
675 |a 624.12  |z rus  |v 3 
700 1 |a Могилевская  |b С. Е.  |g Стэлла Евгеньевна  |4 070 
701 1 |a Куюнджич  |b Бронислав  |4 070 
712 0 2 |a Всесоюзный научно-исследовательский институт гидротехники  |2 stltpush  |3 (RuTPU)RU\TPU\col\11485 
801 0 |a RU  |b RuMRKP  |c 19950417  |g psbo 
801 1 |a RU  |b 63413507  |c 20121027 
801 2 |a RU  |b 63413507  |c 20130930  |g RCR 
942 |c BK